000 00324nam a2200145Ia 4500
005 20250423100427.0
008 250422s9999 xx 000 0 und d
020 _a1-85326-239-0
100 _aWoolf Virginia
245 0 _aOrlando
260 _bWordsworth Editions Ltd
260 _c2003
300 _a166 p
942 _cBK
999 _c33269
_d33269